عرض عادي عرض مارك
  • السمري، محمد علي

مدخل إسم شخص

عدد التسجيلات المستخدمة في: 1

001 - رقم الضبط

  • حقل الضبط: 6342

003 - معرف رقم الضبط

  • حقل الضبط: OSt

005 - تاريخ ووقت أخر عملية

  • حقل الضبط: 20111115004734.0

008 - عناصر بيانات ثابتة الطول

  • حقل تحكم ثابت الطول: 111115|||a|||||| | ||| d

040 ## - مصدر الفهرسة

  • هيئة الفهرسة الأصلية: OSt
  • وكالة الكتابة: OSt

100 ## - مدخل -- أسم شخص

  • إسم شخص: السمري، محمد علي

670 ## - بيانات المصدر موجوده

  • الاستشهاد بالمصدر: Work cat.: (OSt): شيد، فرانسيس 6341, نظريات ومسائل في التحليل العددي , 1981